000 01262nam a2200313 a 4500
001 000045172
003 DO-SdBNP
005 20250227073855.0
008 150206s2014 dr 000 0 spa d
020 _a9789945582093
040 _aDO-SdBNP
_bspa
_cBNPHU
082 4 _aRD861.4408
_bG633m
_222
100 1 _aGómez Rosa, Alexis,
_d1950-
_923501
245 1 3 _aLa mirada imantada :
_bantología poética /
_cAlexis Gómez Rosa ; coordinación de la edición José Alcántara Almánzar y Elvis Soto.
260 _aSanto Domingo :
_bBanco Central de la República Dominicana,
_c2014.
300 _a317 p. ;
_c22 cm.
490 0 _aBanco Central de la República Dominicana ;
_v203
490 0 _aArte y literatura ;
_v70
500 _aIncluye datos biográficos del autor en las solapas.
500 _aIncluye referencias bibliográficas y notas al pie de las páginas.
590 _aInventariado, 2019/VM
650 4 _aPoesía dominicana
_vColecciones
650 4 _aLiteratura dominicana
700 1 _aAlcántara Almánzar, José
_d1946-
_eed.
_97018
700 1 _aSoto, Elvis,
_eed.
_912338
830 0 _aBanco Central de la República Dominicana ;
_p203
_nArte y Literatura ; 70
_973179
910 _aValidado. Control de calidad MFF
942 _2ddc
_cLBS1
999 _c44661
_d44661